| 000 | 00909nam a2200277 a 4500 | ||
|---|---|---|---|
| 001 | 3735315 | ||
| 003 | GBCCL | ||
| 005 | 20241126110427.0 | ||
| 008 | 830301s1982 cau b 000 0 eng | ||
| 010 | _a 81081850 | ||
| 020 | _a0866050906 (pbk.) | ||
| 040 |
_aDLC _cDLC _dDLC |
||
| 050 | 0 | 0 |
_aBP603 _b.M37 1982 |
| 082 | 0 | 0 |
_a209.0202 _219 _bMCD |
| 100 | 1 |
_aMcDowell, Josh. _91225 |
|
| 245 | 1 | 0 |
_aUnderstanding the cults / _cJosh McDowell & Don Stewart. |
| 260 |
_aSan Bernadino, Calif. : _bCampus Crusade for Christ : _bHere's Life Publishers, _cc1982. |
||
| 300 |
_a199 p. ; _c21 cm. |
||
| 490 | 1 | _aHandbook of today's religions / Josh McDowell | |
| 504 | _aBibliography: p. 189-199. | ||
| 650 | 0 |
_aCults. _91515 |
|
| 700 | 1 |
_aStewart, Don Douglas. _91227 |
|
| 800 | 1 |
_aMcDowell, Josh. _tHandbook of today's religions. _91228 |
|
| 906 |
_a7 _bcbc _corignew _d3 _eopcn _f19 _gy-gencatlg |
||
| 942 |
_2ddc _cBK _09 |
||
| 999 |
_c2348 _d2348 |
||